Managing change in British industry
Đã lưu trong:
| Príomhúdar: | |
|---|---|
| Formáid: | Leabhar |
| Teanga: | Undetermined |
| Foilsithe: |
Switzerland
International Labour Office
1987
|
| Ábhair: | |
| Clibeanna: |
Cuir Clib Leis
Gan Chlibeanna, Bí ar an gcéad duine leis an taifead seo a chlibeáil!
|
| Thư viện lưu trữ: | Trung tâm Học liệu Trường Đại học Cần Thơ |
|---|
| LEADER | 00525nam a2200181Ia 4500 | ||
|---|---|---|---|
| 001 | CTU_79610 | ||
| 008 | 210402s9999 xx 000 0 und d | ||
| 082 | |a 330 | ||
| 082 | |b S531 | ||
| 100 | |a Sharp, M. | ||
| 245 | 0 | |a Managing change in British industry | |
| 245 | 0 | |c M.Sharp, G. Shepherd, D. Marsden | |
| 260 | |a Switzerland | ||
| 260 | |b International Labour Office | ||
| 260 | |c 1987 | ||
| 650 | |a Economic policy,Industrial policy | ||
| 650 | |z Great Britain | ||
| 980 | |a Trung tâm Học liệu Trường Đại học Cần Thơ | ||